000 00840nam a2200289Ia 4500
001 Para_3414
003 CHAP
008 220125s1915 xx 000 0 und d
010 _a202003
040 _cCHAP
082 _aPA-C 595.752 B33
100 _aBaker, Arthur C
_9166681
245 _aThe woolly apple aphis /
_c A. C. Baker
260 _aWashington :
_b Department of Agriculture
300 _a55 p.
440 _aReport; 101
_9166975
500 _aEncuadernado con: Classification of the Aleyrodidae/ A. L. Quaintance
650 _aAfididos Eriosoma lanigerum
_9166976
710 _aEUA. Department of Agriculture
_938805
901 _aPA-C 595.752 B33
902 _aA
905 _a0000001915 WASa 0000000000 00
910 _a1915
942 _cPARA
942 _cPARA
_d1
999 _c202003
_d202003